[Event "17. Obert Int. Sant Marti 2015"]
[Site "Barcelona ESP"]
[Date "2015.07.16"]
[Round "4.40"]
[White "Font Purroy, Vicenc"]
[Black "Matt, Fabian"]
[Result "1/2-1/2"]
[WhiteElo "2092"]
[BlackElo "2258"]
[PlyCount "86"]
[EventDate "2015.07.13"]
[EventType "swiss"]
[EventRounds "9"]
[EventCountry "ESP"]
[SourceTitle "Ajedrez en Madrid"]
[Source "lmi"]
[SourceDate "2013.07.13"]
[SourceVersion "1"]
[SourceVersionDate "2019.06.24"]
[SourceQuality "1"]

1. c4 Nf6 2. g3 g6 3. Bg2 Bg7 4. Nc3 O-O 5. Nf3 d6 6. O-O e5 7. d3 Nc6 8. Rb1
a5 9. a3 Re8 10. Bg5 h6 11. Bxf6 Qxf6 12. Nd5 Qd8 13. b4 axb4 14. axb4 e4 15.
dxe4 Rxe4 16. b5 Ne7 17. Nd2 Re5 18. e4 c6 19. Nb4 Ra3 20. bxc6 bxc6 21. Nb3 g5
22. c5 Re6 23. Bh3 Rxe4 24. Qxd6 Qxd6 25. cxd6 Bxh3 26. Nc5 Re5 27. Rfe1 Ng6
28. d7 Bxd7 29. Nxd7 Rxe1+ 30. Rxe1 Rc3 31. Nb8 c5 32. Nd5 Rd3 33. Ne3 Bd4 34.
Rd1 Rxd1+ 35. Nxd1 c4 36. Nc6 Bf6 37. Nb4 Ne5 38. f4 gxf4 39. gxf4 Nf3+ 40. Kg2
Nd4 41. Nd5 Kg7 42. N1e3 Kg6 43. Nxc4 Bg7 1/2-1/2

[Event "17. Obert Int. Sant Marti 2015"]
[Site "Barcelona ESP"]
[Date "2015.07.16"]
[Round "4.41"]
[White "Garnier, Teddy"]
[Black "Nabuurs, Mart"]
[Result "0-1"]
[WhiteElo "2055"]
[BlackElo "2247"]
[PlyCount "44"]
[EventDate "2015.07.13"]
[EventType "swiss"]
[EventRounds "9"]
[EventCountry "ESP"]
[SourceTitle "Ajedrez en Madrid"]
[Source "lmi"]
[SourceDate "2013.07.13"]
[SourceVersion "1"]
[SourceVersionDate "2019.06.24"]
[SourceQuality "1"]

1. e4 c5 2. c3 Nf6 3. e5 Nd5 4. g3 Nc6 5. Bg2 Nc7 6. Nf3 d6 7. exd6 Qxd6 8. O-O
Bg4 9. Qa4 Qd7 10. Na3 g6 11. d4 cxd4 12. Bf4 Ne6 13. Nc4 Rd8 14. Nxd4 Ncxd4
15. Qxd7+ Rxd7 16. cxd4 Nxf4 17. gxf4 Bg7 18. Ne5 Bxe5 19. fxe5 Rxd4 20. Bxb7
O-O 21. Rac1 Rb8 22. Rc7 Bh3 0-1

[Event "17. Obert Int. Sant Marti 2015"]
[Site "Barcelona ESP"]
[Date "2015.07.16"]
[Round "4.42"]
[White "Stoeri, Simon"]
[Black "Jocher, Georg"]
[Result "1-0"]
[WhiteElo "2229"]
[BlackElo "1931"]
[PlyCount "35"]
[EventDate "2015.07.13"]
[EventType "swiss"]
[EventRounds "9"]
[EventCountry "ESP"]
[SourceTitle "Ajedrez en Madrid"]
[Source "lmi"]
[SourceDate "2013.07.13"]
[SourceVersion "1"]
[SourceVersionDate "2019.06.24"]
[SourceQuality "1"]

1. e4 c5 2. Nc3 a6 3. d3 b5 4. g3 Bb7 5. Bg2 e6 6. Nf3 Ne7 7. O-O Nc8 8. Re1
Be7 9. d4 cxd4 10. Qxd4 O-O 11. e5 d5 12. Qg4 Kh8 13. h4 Nb6 14. Ne2 Nc6 15.
Nf4 Rc8 16. Nh5 Rg8 17. Ng5 Qf8 18. Nxh7 1-0

[Event "17. Obert Int. Sant Marti 2015"]
[Site "Barcelona ESP"]
[Date "2015.07.16"]
[Round "4.43"]
[White "Aguilar, Andres"]
[Black "De Azua Arpi, Rafael"]
[Result "1-0"]
[WhiteElo "2224"]
[BlackElo "1916"]
[PlyCount "35"]
[EventDate "2015.07.13"]
[EventType "swiss"]
[EventRounds "9"]
[EventCountry "ESP"]
[SourceTitle "Ajedrez en Madrid"]
[Source "lmi"]
[SourceDate "2013.07.13"]
[SourceVersion "1"]
[SourceVersionDate "2019.06.24"]
[SourceQuality "1"]

1. c4 e5 2. Nc3 Nf6 3. Nf3 Nc6 4. e3 Bb4 5. Qc2 O-O 6. Nd5 Be7 7. a3 d6 8. b4
e4 9. Nxe7+ Qxe7 10. b5 exf3 11. bxc6 bxc6 12. gxf3 c5 13. Bb2 Bb7 14. Rg1 g6
15. Qc3 Kg7 16. Rg4 Rfe8 17. Rf4 Qe5 18. Rxf6 1-0

[Event "17. Obert Int. Sant Marti 2015"]
[Site "Barcelona ESP"]
[Date "2015.07.16"]
[Round "4.44"]
[White "Ayza Leon, David"]
[Black "Magallanes, Gustavo"]
[Result "1/2-1/2"]
[WhiteElo "2208"]
[BlackElo "1908"]
[PlyCount "105"]
[EventDate "2015.07.13"]
[EventType "swiss"]
[EventRounds "9"]
[EventCountry "ESP"]
[SourceTitle "Ajedrez en Madrid"]
[Source "lmi"]
[SourceDate "2013.07.13"]
[SourceVersion "1"]
[SourceVersionDate "2019.06.24"]
[SourceQuality "1"]

1. e4 c5 2. b4 b6 3. bxc5 bxc5 4. Bc4 Nc6 5. Nc3 Rb8 6. Nf3 g6 7. O-O Bg7 8.
Rb1 Rxb1 9. Nxb1 e6 10. c3 Qb6 11. Ba3 Nge7 12. Re1 d6 13. h4 O-O 14. h5 Ne5
15. Nxe5 Bxe5 16. hxg6 hxg6 17. Qb3 Bd7 18. d4 cxd4 19. Qxb6 axb6 20. cxd4 Bxd4
21. Bxd6 Rc8 22. Na3 Bc5 23. Rd1 Ba4 24. Bxc5 Rxc5 25. Rd8+ Kg7 26. Rb8 Nc8 27.
Ba6 Nd6 28. Rxb6 Nxe4 29. Rb4 Rc1+ 30. Kh2 Bc6 31. f3 Nc3 32. Rb2 Bd5 33. Bc4
Bxc4 34. Nxc4 Nxa2 35. Ne5 Rc5 36. f4 Nc3 37. Rb7 Nd5 38. Rxf7+ Kg8 39. Rb7
Nxf4 40. Rb8+ Kg7 41. Rb7+ Kg8 42. Rb8+ Kg7 43. Rb7+ Kh6 44. Nf7+ Kh5 45. Rb2
Kg4 46. g3 Rh5+ 47. Kg1 Kxg3 48. Rb3+ Kg4 49. Re3 Rh3 50. Re5 Rh5 51. Re3 Nh3+
52. Kg2 Nf4+ 53. Kg1 1/2-1/2

[Event "17. Obert Int. Sant Marti 2015"]
[Site "Barcelona ESP"]
[Date "2015.07.16"]
[Round "4.45"]
[White "Castrillon Gomez, Melissa"]
[Black "Kunal, Kakumanu Prasad"]
[Result "1-0"]
[WhiteElo "2199"]
[BlackElo "1713"]
[PlyCount "59"]
[EventDate "2015.07.13"]
[EventType "swiss"]
[EventRounds "9"]
[EventCountry "ESP"]
[SourceTitle "Ajedrez en Madrid"]
[Source "lmi"]
[SourceDate "2013.07.13"]
[SourceVersion "1"]
[SourceVersionDate "2019.06.24"]
[SourceQuality "1"]

1. e4 c5 2. Nf3 Nc6 3. Bb5 d6 4. d4 cxd4 5. Qxd4 Qa5+ 6. Nc3 Bd7 7. Bxc6 bxc6
8. O-O Qb6 9. Qd3 g6 10. Be3 Qc7 11. Bd4 f6 12. Qc4 Nh6 13. Rfe1 Bg7 14. Rad1
Nf7 15. Nd5 Qc8 16. Ne3 Ne5 17. Nxe5 fxe5 18. Bc3 Be6 19. Qa4 O-O 20. Nc4 Qe8
21. f3 Qc8 22. Na5 Qc7 23. Nxc6 Qd7 24. Qa6 Qc7 25. Ba5 Qd7 26. Nb4 Rfc8 27. b3
Rab8 28. c4 Rc5 29. Nd5 Rc6 30. Qxc6 1-0

[Event "17. Obert Int. Sant Marti 2015"]
[Site "Barcelona ESP"]
[Date "2015.07.16"]
[Round "4.47"]
[White "Fernandez Diaz, Cristian"]
[Black "Arroyo Mateo, Jose Miguel"]
[Result "1-0"]
[WhiteElo "2272"]
[BlackElo "1937"]
[PlyCount "51"]
[EventDate "2015.07.13"]
[EventType "swiss"]
[EventRounds "9"]
[EventCountry "ESP"]
[SourceTitle "Ajedrez en Madrid"]
[Source "lmi"]
[SourceDate "2013.07.13"]
[SourceVersion "1"]
[SourceVersionDate "2019.06.24"]
[SourceQuality "1"]

1. d4 Nf6 2. c4 g6 3. Nc3 Bg7 4. e4 d6 5. Nge2 O-O 6. Ng3 e5 7. d5 a5 8. Be2
Nbd7 9. h4 h5 10. Bg5 Qe8 11. Nb5 Qd8 12. Bxh5 gxh5 13. Nxh5 Nc5 14. Nc3 Bg4
15. Nxf6+ Qxf6 16. Qxg4 Nd3+ 17. Kd2 Nxf2 18. Qe2 Bh6 19. Kc2 Bxg5 20. hxg5
Qxg5 21. Qxf2 f5 22. Rh3 f4 23. Rah1 Qg6 24. Qf3 a4 25. Rh4 Kf7 26. Qh3 1-0

[Event "17. Obert Int. Sant Marti 2015"]
[Site "Barcelona ESP"]
[Date "2015.07.16"]
[Round "4.48"]
[White "Larsson, Anders"]
[Black "Egorova, Ayyyna"]
[Result "1-0"]
[WhiteElo "2242"]
[BlackElo "1901"]
[PlyCount "73"]
[EventDate "2015.07.13"]
[EventType "swiss"]
[EventRounds "9"]
[EventCountry "ESP"]
[SourceTitle "Ajedrez en Madrid"]
[Source "lmi"]
[SourceDate "2013.07.13"]
[SourceVersion "1"]
[SourceVersionDate "2019.06.24"]
[SourceQuality "1"]

1. e4 Nf6 2. e5 Nd5 3. Nc3 Nxc3 4. dxc3 e6 5. Nf3 d5 6. Bg5 Be7 7. h4 h6 8.
Bxe7 Qxe7 9. h5 c5 10. Qd2 Nc6 11. O-O-O Bd7 12. Rh3 O-O-O 13. Rg3 f6 14. Nh4
Be8 15. exf6 gxf6 16. Ng6 Bxg6 17. Rxg6 Ne5 18. Rxh6 Qg7 19. Rxh8 Rxh8 20. Qe3
Rxh5 21. Qxc5+ Nc6 22. Qd6 Re5 23. b3 Qe7 24. Qxe7 Nxe7 25. Kd2 Rg5 26. c4 d4
27. g3 e5 28. c3 Nc6 29. Bg2 dxc3+ 30. Kxc3 Nd4 31. Rh1 Nc6 32. Bxc6 bxc6 33.
Kd3 Rf5 34. Ke3 e4 35. Rh2 Ra5 36. a4 f5 37. Kd4 1-0

[Event "17. Obert Int. Sant Marti 2015"]
[Site "Barcelona ESP"]
[Date "2015.07.16"]
[Round "4.49"]
[White "Severri Arrese, Carlos"]
[Black "Glimbrant, Torbjorn"]
[Result "0-1"]
[WhiteElo "1983"]
[BlackElo "2197"]
[PlyCount "108"]
[EventDate "2015.07.13"]
[EventType "swiss"]
[EventRounds "9"]
[EventCountry "ESP"]
[SourceTitle "Ajedrez en Madrid"]
[Source "lmi"]
[SourceDate "2013.07.13"]
[SourceVersion "1"]
[SourceVersionDate "2019.06.24"]
[SourceQuality "1"]

1. e4 e6 2. b3 c5 3. Bb2 Nc6 4. Nf3 a6 5. d4 cxd4 6. Nxd4 Qc7 7. Nxc6 Qxc6 8.
Nd2 Nf6 9. Bd3 Bb4 10. O-O b5 11. a4 Bb7 12. axb5 axb5 13. Rxa8+ Bxa8 14. Re1
Be7 15. Qe2 b4 16. Ra1 O-O 17. Ra6 Qc7 18. h3 Bb7 19. Ra1 Ra8 20. Qe1 h6 21.
Rxa8+ Bxa8 22. Qa1 Bc6 23. Bd4 Qb7 24. Qa5 Qa8 25. Qxa8+ Bxa8 26. Kf1 Bc6 27.
Ke2 d6 28. Bb6 e5 29. Bc7 Ne8 30. Bb8 f5 31. f3 fxe4 32. fxe4 Nf6 33. g4 Kf8
34. Ba7 d5 35. Ke3 Bd6 36. Kf3 Ke7 37. Bf2 Ke6 38. Bh4 g5 39. Bf2 Nd7 40. exd5+
Bxd5+ 41. Be4 Bc5 42. Kg3 Bxf2+ 43. Kxf2 Nf6 44. Kf3 Kd6 45. Bxd5 Kxd5 46. Ke3
e4 47. Nc4 Nd7 48. Kd2 Kd4 49. Ne3 Ke5 50. Ng2 Nc5 51. Ke3 Ne6 52. Ne1 Nf4 53.
c4 bxc3 54. b4 Nd5+ 0-1

[Event "17. Obert Int. Sant Marti 2015"]
[Site "Barcelona ESP"]
[Date "2015.07.16"]
[Round "4.50"]
[White "Dahale, Atul"]
[Black "Perez Otero, Juan Antonio"]
[Result "0-1"]
[WhiteElo "1969"]
[BlackElo "2169"]
[PlyCount "88"]
[EventDate "2015.07.13"]
[EventType "swiss"]
[EventRounds "9"]
[EventCountry "ESP"]
[SourceTitle "Ajedrez en Madrid"]
[Source "lmi"]
[SourceDate "2013.07.13"]
[SourceVersion "1"]
[SourceVersionDate "2019.06.24"]
[SourceQuality "1"]

1. d4 d6 2. Nf3 Bg4 3. Nbd2 Nd7 4. g3 Ngf6 5. Bg2 e5 6. O-O c6 7. Qe1 Be7 8. h3
Bh5 9. e4 Bxf3 10. Nxf3 O-O 11. b3 Re8 12. dxe5 dxe5 13. Bb2 Qc7 14. a4 Bf8 15.
Nd2 a6 16. Qe2 Rad8 17. a5 Bc5 18. Nc4 Nf8 19. Rfd1 Bd4 20. c3 Ba7 21. Ba3 Ng6
22. Bd6 Qc8 23. Rd2 Qe6 24. Rad1 Rd7 25. Kh2 Bb8 26. Bxb8 Rxb8 27. Rd6 Qe7 28.
Rxd7 Nxd7 29. Qe3 Ndf8 30. Qa7 Re8 31. Nd6 Rd8 32. Nf5 Qc7 33. Rxd8 Qxd8 34.
Qxb7 Qxa5 35. Nd6 Nh8 36. Qxc6 h5 37. b4 Qa2 38. Kg1 h4 39. g4 Nfg6 40. Bf1 Nf4
41. Qe8+ Kh7 42. Qxe5 Nhg6 43. Qd4 Qa1 44. Nf5 Ne2+ 0-1

[Event "17. Obert Int. Sant Marti 2015"]
[Site "Barcelona ESP"]
[Date "2015.07.16"]
[Round "4.51"]
[White "Cervello I Tost, Roger"]
[Black "Perez Pastora, Evarist"]
[Result "0-1"]
[WhiteElo "1960"]
[BlackElo "2158"]
[PlyCount "84"]
[EventDate "2015.07.13"]
[EventType "swiss"]
[EventRounds "9"]
[EventCountry "ESP"]
[SourceTitle "Ajedrez en Madrid"]
[Source "lmi"]
[SourceDate "2013.07.13"]
[SourceVersion "1"]
[SourceVersionDate "2019.06.24"]
[SourceQuality "1"]

1. e4 c5 2. d4 cxd4 3. c3 d3 4. f4 d5 5. e5 Bf5 6. Nf3 Nc6 7. Bxd3 Bxd3 8. Qxd3
e6 9. Be3 Nh6 10. h3 Nf5 11. Bf2 h5 12. Nbd2 Be7 13. Nb3 g5 14. g3 gxf4 15.
gxf4 Qc7 16. Nfd4 Nfxd4 17. Bxd4 Bh4+ 18. Ke2 Ne7 19. Qb5+ Qd7 20. Qxd7+ Kxd7
21. Bf2 Bxf2 22. Kxf2 Nf5 23. Nd4 Nxd4 24. cxd4 Rac8 25. Rac1 Rhg8 26. Rxc8
Rxc8 27. Re1 Rc4 28. Ke3 Rc2 29. Re2 Rc1 30. f5 exf5 31. Kf4 Rh1 32. Kg5 Ke6
33. h4 Rg1+ 34. Kxh5 f4 35. Kh6 Kf5 36. h5 f3 37. Rc2 Rg2 38. Rc7 Ke6 39. Rc3
Rg3 40. Rc1 f2 41. Rf1 Rg2 42. Kh7 Kf5 0-1

[Event "17. Obert Int. Sant Marti 2015"]
[Site "Barcelona ESP"]
[Date "2015.07.16"]
[Round "4.52"]
[White "Feldman, Antony"]
[Black "Lienhard, Alex"]
[Result "0-1"]
[WhiteElo "1950"]
[BlackElo "2139"]
[PlyCount "82"]
[EventDate "2015.07.13"]
[EventType "swiss"]
[EventRounds "9"]
[EventCountry "ESP"]
[SourceTitle "Ajedrez en Madrid"]
[Source "lmi"]
[SourceDate "2013.07.13"]
[SourceVersion "1"]
[SourceVersionDate "2019.06.24"]
[SourceQuality "1"]

1. g3 Nf6 2. Bg2 e6 3. Nf3 Be7 4. O-O O-O 5. c4 d6 6. d4 Nbd7 7. Nc3 c5 8. d5
exd5 9. cxd5 Re8 10. Nd2 a6 11. a4 b6 12. e4 Rb8 13. Qe2 Bf8 14. Re1 b5 15.
axb5 axb5 16. Qd1 c4 17. b3 b4 18. Na4 c3 19. Nc4 Ba6 20. Qd4 Qc7 21. Nab6 Nxb6
22. Rxa6 Nxc4 23. Rc6 Qa5 24. Qxc4 Nxd5 25. Ra6 Qc5 26. Bf1 Qxc4 27. Bxc4 Nf6
28. Bf4 d5 29. Bxb8 dxc4 30. Bd6 cxb3 31. Bxf8 Kxf8 32. Rb6 c2 33. Rc6 Rxe4 34.
Rf1 Nd5 35. Kg2 Nc3 36. Ra1 Na2 37. Rc7 b2 38. Rxa2 c1=Q 39. Ra8+ Re8 40. Raa7
Qxc7 41. Rxc7 b1=Q 0-1

[Event "17. Obert Int. Sant Marti 2015"]
[Site "Barcelona ESP"]
[Date "2015.07.16"]
[Round "4.53"]
[White "Coppola, Federico"]
[Black "Perez Ruiz, Santiago"]
[Result "1-0"]
[WhiteElo "2136"]
[BlackElo "1885"]
[PlyCount "85"]
[EventDate "2015.07.13"]
[EventType "swiss"]
[EventRounds "9"]
[EventCountry "ESP"]
[SourceTitle "Ajedrez en Madrid"]
[Source "lmi"]
[SourceDate "2013.07.13"]
[SourceVersion "1"]
[SourceVersionDate "2019.06.24"]
[SourceQuality "1"]

1. Nf3 Nf6 2. c4 e6 3. g3 b6 4. Bg2 Bb7 5. O-O c5 6. d4 cxd4 7. Qxd4 d6 8. Rd1
Be7 9. Nc3 a6 10. b3 Nbd7 11. Bb2 O-O 12. Rac1 Qc7 13. e4 Rab8 14. Qe3 Rfd8 15.
Nd4 Qc5 16. Qe2 h5 17. h3 Qg5 18. b4 Rdc8 19. Rc2 Rc7 20. Kh2 h4 21. g4 Ne5 22.
Bc1 Qg6 23. f4 Nxc4 24. f5 exf5 25. Nxf5 Ne5 26. Nd5 Bxd5 27. Rxc7 Bd8 28. exd5
Nexg4+ 29. hxg4 Nxg4+ 30. Kh1 Qxf5 31. Rc2 Bf6 32. Rf1 Qg6 33. Be4 Qh5 34. Bf3
Qe5 35. Bxg4 Qxd5+ 36. Qf3 Qb5 37. Rg2 Kh8 38. Bh3 Re8 39. Bg5 Bxg5 40. Qh5+
Bh6 41. Qxf7 Re3 42. Qf8+ Kh7 43. Bf5+ 1-0

[Event "17. Obert Int. Sant Marti 2015"]
[Site "Barcelona ESP"]
[Date "2015.07.16"]
[Round "4.54"]
[White "Saiz Rodrigo, Fernando"]
[Black "Vazquez Moreno, Josep M"]
[Result "0-1"]
[WhiteElo "1937"]
[BlackElo "2104"]
[PlyCount "94"]
[EventDate "2015.07.13"]
[EventType "swiss"]
[EventRounds "9"]
[EventCountry "ESP"]
[SourceTitle "Ajedrez en Madrid"]
[Source "lmi"]
[SourceDate "2013.07.13"]
[SourceVersion "1"]
[SourceVersionDate "2019.06.24"]
[SourceQuality "1"]

1. e4 c5 2. Nc3 Nc6 3. Bb5 Nd4 4. Bc4 e6 5. Nge2 Nxe2 6. Qxe2 d6 7. O-O Nf6 8.
d3 Be7 9. f4 O-O 10. Qf3 Rb8 11. a4 b6 12. Bd2 d5 13. Ba2 dxe4 14. Nxe4 Nxe4
15. Qxe4 Qd4+ 16. Qxd4 cxd4 17. Rae1 Bf6 18. Bb4 Rd8 19. f5 e5 20. Bc4 Bb7 21.
Re2 Rbc8 22. Be1 a6 23. Bg3 e4 24. b3 e3 25. b4 Be7 26. Be1 Bf6 27. h3 Kf8 28.
Kh2 Rd7 29. g4 h6 30. h4 Ra8 31. Kh3 Bc6 32. Bb3 b5 33. a5 Bd5 34. Bxd5 Rxd5
35. Kg3 Rd6 36. Kf4 Re8 37. g5 Be5+ 38. Kg4 Ke7 39. f6+ gxf6 40. gxh6 Rh8 41.
Kh5 Rd5 42. c4 dxc3 43. Rxe3 Kf8 44. Rf5 c2 45. Bd2 Rd4 46. Rf1 Rxh6+ 47. Kxh6
Rxh4# 0-1

[Event "17. Obert Int. Sant Marti 2015"]
[Site "Barcelona ESP"]
[Date "2015.07.16"]
[Round "4.55"]
[White "Petrone, Gianmario"]
[Black "Moreno Perez, Norberto"]
[Result "1-0"]
[WhiteElo "2102"]
[BlackElo "1853"]
[PlyCount "77"]
[EventDate "2015.07.13"]
[EventType "swiss"]
[EventRounds "9"]
[EventCountry "ESP"]
[SourceTitle "Ajedrez en Madrid"]
[Source "lmi"]
[SourceDate "2013.07.13"]
[SourceVersion "1"]
[SourceVersionDate "2019.06.24"]
[SourceQuality "1"]

1. e4 e5 2. Nf3 Nc6 3. Bb5 d6 4. Nc3 Bg4 5. d3 Nge7 6. Ne2 a6 7. Ba4 h6 8. h3
Bh5 9. Ng3 Bg6 10. c3 b5 11. Bc2 Qd7 12. O-O Bh7 13. d4 f6 14. a4 Rb8 15. axb5
axb5 16. Re1 Nd8 17. Ra7 Nc8 18. Ra1 Be7 19. Be3 O-O 20. dxe5 fxe5 21. Nxe5 Qe8
22. Bb3+ Kh8 23. Nf3 Bf6 24. Bd4 Be5 25. Nxe5 dxe5 26. Bc5 Rf4 27. Ra6 c6 28.
Be3 Rf8 29. Qg4 Nd6 30. Ra7 Rb7 31. Rxb7 N8xb7 32. Rd1 Qa8 33. Nh5 Ne8 34. Nxg7
Nf6 35. Qg3 Qb8 36. Nf5 Qc7 37. Bxh6 Bxf5 38. Bxf8 Nxe4 39. Qg8# 1-0

[Event "17. Obert Int. Sant Marti 2015"]
[Site "Barcelona ESP"]
[Date "2015.07.16"]
[Round "4.56"]
[White "Derakhshani, Borna"]
[Black "Minguell Soler, Joan"]
[Result "1-0"]
[WhiteElo "2079"]
[BlackElo "1836"]
[PlyCount "77"]
[EventDate "2015.07.13"]
[EventType "swiss"]
[EventRounds "9"]
[EventCountry "ESP"]
[SourceTitle "Ajedrez en Madrid"]
[Source "lmi"]
[SourceDate "2013.07.13"]
[SourceVersion "1"]
[SourceVersionDate "2019.06.24"]
[SourceQuality "1"]

1. e4 e6 2. d4 d5 3. Nc3 Bb4 4. e5 c5 5. a3 Bxc3+ 6. bxc3 Qa5 7. Bd2 Qa4 8. Qb1
c4 9. Ne2 Nc6 10. Ng3 Bd7 11. Nh5 g6 12. Nf6+ Nxf6 13. exf6 O-O-O 14. f4 h5 15.
Be2 Qa5 16. a4 Rdg8 17. Qb5 Qc7 18. Qc5 b6 19. Qa3 Qd8 20. O-O Qxf6 21. a5 Nxa5
22. Qd6 Qd8 23. Rxa5 bxa5 24. Qa6+ Kc7 25. Qxa7+ Kc6 26. Qc5+ Kb7 27. Rb1+ Ka6
28. Be3 Qb8 29. Rxb8 Rxb8 30. Qd6+ Rb6 31. Qxd7 Rb7 32. Qa4 Rhb8 33. Bxc4+ dxc4
34. Qxc4+ Rb5 35. d5 exd5 36. Qc6+ R5b6 37. Bxb6 Rxb6 38. Qa8+ Kb5 39. Qxd5+
1-0

[Event "17. Obert Int. Sant Marti 2015"]
[Site "Barcelona ESP"]
[Date "2015.07.16"]
[Round "4.57"]
[White "Aprea, Daniele"]
[Black "Herms Agullo, Jordi"]
[Result "1-0"]
[WhiteElo "1923"]
[BlackElo "2075"]
[PlyCount "71"]
[EventDate "2015.07.13"]
[EventType "swiss"]
[EventRounds "9"]
[EventCountry "ESP"]
[SourceTitle "Ajedrez en Madrid"]
[Source "lmi"]
[SourceDate "2013.07.13"]
[SourceVersion "1"]
[SourceVersionDate "2019.06.24"]
[SourceQuality "1"]

1. d4 Nf6 2. Nf3 g6 3. Bf4 Bg7 4. e3 O-O 5. Be2 d5 6. O-O Nc6 7. c4 h6 8. h3
dxc4 9. Bxc4 Ne4 10. Nc3 Nd6 11. Bd3 Re8 12. Nb5 a6 13. Nxd6 cxd6 14. Be4 Qa5
15. Qb3 Qh5 16. Rac1 Rf8 17. Rfd1 Kh7 18. Qb6 d5 19. Rc5 e6 20. Bd6 Rg8 21. Qc7
f5 22. Bb1 g5 23. Kf1 g4 24. hxg4 Qxg4 25. Ke2 Kh8 26. Rxc6 bxc6 27. Rh1 a5 28.
Be5 Ba6+ 29. Ke1 Qg6 30. Nh4 Qh5 31. g4 Qxg4 32. Nf3 Qg6 33. Rg1 Qh7 34. Nh4
Rac8 35. Ng6+ Qxg6 36. Rxg6 1-0

[Event "17. Obert Int. Sant Marti 2015"]
[Site "Barcelona ESP"]
[Date "2015.07.16"]
[Round "4.58"]
[White "Dadello, Aleksandra"]
[Black "Rodriguez, Sofia"]
[Result "1-0"]
[WhiteElo "2068"]
[BlackElo "1783"]
[PlyCount "73"]
[EventDate "2015.07.13"]
[EventType "swiss"]
[EventRounds "9"]
[EventCountry "ESP"]
[SourceTitle "Ajedrez en Madrid"]
[Source "lmi"]
[SourceDate "2013.07.13"]
[SourceVersion "1"]
[SourceVersionDate "2019.06.24"]
[SourceQuality "1"]

1. e4 c5 2. Nf3 d6 3. d4 cxd4 4. Nxd4 Nf6 5. Nc3 a6 6. f3 e5 7. Nb3 Be6 8. Be3
Be7 9. Qd2 O-O 10. O-O-O Qc7 11. g4 Rc8 12. g5 Nh5 13. Nd5 Bxd5 14. exd5 Nd7
15. Bh3 g6 16. Bg4 Bf8 17. Bxh5 gxh5 18. Qd3 a5 19. Nd2 a4 20. Ne4 Qd8 21. Rhg1
Kh8 22. Rg3 a3 23. b3 Ra6 24. Rh3 f5 25. gxf6 Nxf6 26. Bg5 Be7 27. Bxf6+ Bxf6
28. Rxh5 Rc7 29. Rg1 Rf7 30. Rg6 Bh4 31. Rgh6 Rg7 32. Rxh4 Rg1+ 33. Kd2 Rg2+
34. Kd1 Rg1+ 35. Ke2 Rg7 36. Nf6 Rg2+ 37. Kf1 1-0

[Event "17. Obert Int. Sant Marti 2015"]
[Site "Barcelona ESP"]
[Date "2015.07.16"]
[Round "4.59"]
[White "Dominguez, Laura Lucia"]
[Black "Minko, Dmitry"]
[Result "1-0"]
[WhiteElo "2057"]
[BlackElo "1672"]
[PlyCount "91"]
[EventDate "2015.07.13"]
[EventType "swiss"]
[EventRounds "9"]
[EventCountry "ESP"]
[SourceTitle "Ajedrez en Madrid"]
[Source "lmi"]
[SourceDate "2013.07.13"]
[SourceVersion "1"]
[SourceVersionDate "2019.06.24"]
[SourceQuality "1"]

1. e4 e5 2. Nf3 Nc6 3. Bb5 f5 4. d3 fxe4 5. dxe4 Nf6 6. Nc3 Bc5 7. Qd3 d6 8.
Bg5 O-O 9. Nd5 Kh8 10. c3 Ne7 11. Nxf6 gxf6 12. Be3 Bxe3 13. Qxe3 c6 14. Bc4 d5
15. O-O-O Rg8 16. exd5 cxd5 17. g3 Be6 18. Bb3 Qa5 19. Kb1 Rac8 20. Rhe1 Rgd8
21. Qh6 Ng8 22. Qh5 Qc7 23. Nh4 Qg7 24. Qe2 Ne7 25. Bc2 a6 26. Qe3 Qf7 27. Re2
Nc6 28. Qh6 Ne7 29. Ka1 b5 30. Bxh7 Qg7 31. Qxg7+ Kxg7 32. Bc2 Kf7 33. Kb1 a5
34. Rde1 d4 35. cxd4 Rxd4 36. f4 Bc4 37. Rf2 exf4 38. Rxe7+ Kxe7 39. Nf5+ Kf7
40. Nxd4 fxg3 41. hxg3 Rh8 42. b3 Rh1+ 43. Kb2 Bf1 44. Be4 Rg1 45. Nf3 Rg2 46.
Ng5+ 1-0

[Event "17. Obert Int. Sant Marti 2015"]
[Site "Barcelona ESP"]
[Date "2015.07.16"]
[Round "4.60"]
[White "Dougas Chavarria, Nestor"]
[Black "Lopez Perdomo, Juan David"]
[Result "0-1"]
[WhiteElo "1809"]
[BlackElo "2056"]
[PlyCount "86"]
[EventDate "2015.07.13"]
[EventType "swiss"]
[EventRounds "9"]
[EventCountry "ESP"]
[SourceTitle "Ajedrez en Madrid"]
[Source "lmi"]
[SourceDate "2013.07.13"]
[SourceVersion "1"]
[SourceVersionDate "2019.06.24"]
[SourceQuality "1"]

1. e4 c5 2. Nf3 d6 3. d4 cxd4 4. Nxd4 Nf6 5. Nc3 a6 6. Be3 e5 7. Nb3 Be6 8. f3
h6 9. Qd2 Qc7 10. O-O-O Nbd7 11. Kb1 b5 12. h4 Nb6 13. g4 Nc4 14. Bxc4 bxc4 15.
Nc1 Rb8 16. g5 Qb7 17. b3 hxg5 18. hxg5 Rxh1 19. Rxh1 Nd7 20. Nd5 Bxd5 21. exd5
g6 22. f4 Bg7 23. f5 gxf5 24. Rh7 Kf8 25. g6 f4 26. Qh2 fxe3 27. Rxg7 Kxg7 28.
Qh7+ Kf6 29. g7 Qc8 30. Ne2 Ke7 31. Ng3 Nf6 32. Nf5+ Kd7 33. Qh6 e2 34. Qe3 Kc7
35. Qxe2 Qxf5 36. Qxc4+ Kd7 37. Qc6+ Ke7 38. Qc7+ Nd7 39. Qxb8 Nxb8 40. g8=Q
Nd7 41. Qc8 Qf1+ 42. Kb2 e4 43. Qc3 Qf6 0-1

[Event "17. Obert Int. Sant Marti 2015"]
[Site "Barcelona ESP"]
[Date "2015.07.16"]
[Round "4.61"]
[White "Cano Sevila, Ivan"]
[Black "Heinrici, Simon"]
[Result "1/2-1/2"]
[WhiteElo "1870"]
[BlackElo "2046"]
[PlyCount "51"]
[EventDate "2015.07.13"]
[EventType "swiss"]
[EventRounds "9"]
[EventCountry "ESP"]
[SourceTitle "Ajedrez en Madrid"]
[Source "lmi"]
[SourceDate "2013.07.13"]
[SourceVersion "1"]
[SourceVersionDate "2019.06.24"]
[SourceQuality "1"]

1. d4 d5 2. Bf4 Nf6 3. Nf3 c5 4. e3 cxd4 5. exd4 Bf5 6. c3 e6 7. Nbd2 Nc6 8.
Be2 Bd6 9. Ne5 Qc7 10. O-O Nxe5 11. dxe5 Bxe5 12. Bb5+ Ke7 13. Bxe5 Qxe5 14.
Nf3 Qc7 15. Re1 a6 16. Ba4 Bg4 17. h3 Bxf3 18. Qxf3 Rhd8 19. Rad1 Kf8 20. g4
Ne4 21. h4 g5 22. h5 Qe5 23. Bc2 f5 24. Qg2 Qf6 25. f3 Nd6 26. Qg3 1/2-1/2